00940cam a22002531 4500001000400000003000800004005001700012008004100029035001800070035001900088040003900107041000800146082001800154100003400172245010800206260006200314300004400376490005900420504003200479650003400511942001200545999001300557952011600570898BD-RjUL20211208233238.0131123s1951 miua 000 0 eng  a(BD-RjUL) 920 a(OCoLC)1458370 aDLCcOTUdIDeKNdDLCdBD-RjULbeng aeng00a028bMOS 19681 aMorse, William Charles.9267110aStudies in the psychology of reading /cby William C. Morse, Francis A. Ballantine and W. Robert Dixon. aAnn Arbor :bUniversity of Michigan Press,cc1951 [1968]. aix, 188 p. :bdiagrs., tables ;c27 cm.1 aUniversity of Michigan monographs in education,vno. 4 aBibliography: p. [179]-188. 0aReading, Psychology of.92672 2ddccBK c898d898 00102ddc40708NFICaRUCLbRUCLcstackd2013-11-23l0o028 MOS 1968r2013-11-23 00:00:00tC-1w2013-11-23yBK